Normal view
MARC view
Entry Nombre personal
001 - NÚMERO DE CONTROL
- campo de control: 1046
003 - IDENTIFICADOR DE NÚMERO DE CONTROL
- campo de control: DLC
005 - FECHA Y HORA DE LA ÚLTIMA TRANSACCIÓN
- campo de control: 20260413092347.0
008 - ELEMENTOS DE DATO DE LONGITUD-FIJA
- campo de control de longitud fija: 930730n| azannaabn |b aaa
010 ## - NÚMERO DE CONTROL DE LA BIBLIOTECA DEL CONGRESO
- Número de control de LC: n 93072995
035 ## - NÚMERO DE CONTROL DEL SISTEMA
- Número de control de sistema: (OCoLC)oca03423260
040 ## - FUENTE DE CATALOGACIÓN
- Centro catalogador/agencia de origen: DLC
- Lengua de catalogación: eng
- Normas de descripción: rda
- Centro/agencia transcriptor: DLC
- Centro/agencia modificador: DLC
- Centro/agencia modificador: OCoLC
- Centro/agencia modificador: InU
- Centro/agencia modificador: UPB
046 ## - FECHAS CON CODIFICACIÓN ESPECIAL
- Fecha de nacimiento: 1947
- Fuente del esquema de fecha: edtf
053 #0 - NÚMERO DE CLASIFICACIÓN LC
- Número de clasificación–único número o número inicial del rango: PQ2679.I645
100 1# - ENCABEZAMIENTO-NOMBRE DE PERSONA
- Nombre de persona: Sinoué, Gilbert,
- Fechas asociadas al nombre: 1947-
370 ## - LUGAR ASOCIADO
- Lugar de nacimiento: Egypt
- Fuente del término: naf
374 ## - OCUPACIÓN
- Ocupación: Authors
- Fuente del término: lcsh
375 ## - GÉNERO/SEXO
- Género: Males
- Fuente del término: lcdgt
377 ## - IDIOMA ASOCIADO
- Código del idioma: fre
400 1# - TRAZADO DE VÉASE--NOMBRE DE PERSONA
- Nombre de persona: Синуэ, Жильбер,
- Fechas asociadas al nombre: 1947-
670 ## - FUENTE DE DATOS ENCONTRADOS
- Cita de la fuente: La fille du nil, c1993:
- Información encontrada: t.p. (Gilbert Sinoué) p. 4 of cover (b. 1947, Egypt)
670 ## - FUENTE DE DATOS ENCONTRADOS
- Cita de la fuente: Moi, Jérusalem, 2019:
- Información encontrada: title page (Gilbert Sinoué) cover page 4 (author of the bestsellers L'enfant de Bruges, Le livre de saphir, Les silences de dieu, Inch' Allah)